| 000 | 00771nam a2200193Ia 4500 | ||
|---|---|---|---|
| 008 | 151121s9999||||xx |||||||||||||| ||und|| | ||
| 082 | _a309।1/ढसाळ | ||
| 082 | _bHNW-45329 | ||
| 100 | _aढसाळ नामदेव | ||
| 245 | _aआंबेडकरी चळवळ आणि सोशॅलिस्ट | ||
| 260 | _b"डॉ। आंबेडकर प्रबोधिनी प्रकाशन, मुंबई" | ||
| 260 | _c-- | ||
| 300 | _a63 | ||
| 600 | _aढसाळ नामदेव | ||
| 630 | _aआंबेडकरी चळवळ आणि सोशॅलिस्ट | ||
| 700 | _aढसाळ नामदेव | ||
| 730 | _aआंबेडकरी चळवळ आणि सोशॅलिस्ट | ||
| 942 | _cBOOK | ||
| 999 |
_c1232461 _d1232458 |
||